Colorado : Wild and Beautiful /

Libro que reproduce las imágenes que, a lo largo de 30 años, capturó el fotógrafo norteamericano Glenn Randall de las más bellas e impresionantes manifestaciones de la naturaleza (principalmente del paisaje, aunque también está presente la fauna) en el estado de Colorado.

保存先:
書誌詳細
第一著者: Randall, Glenn (fotografía y texto)
フォーマット: 図書
言語:スペイン語
出版事項: Helena, EUA : Farcountry, 2005, c2005
主題:
タグ: タグ追加
タグなし, このレコードへの初めてのタグを付けませんか!

MARC

LEADER 00000nam^a2200000^a^4500
001 000303711
005 20250521000000.0
009 20260310112655.584
020 |a 1-56037-358-X 
037 |a Acervo ITESO - Biblioteca 
041 |a ESP 
082 |a 770. 973  |b RAN COL 
100 |a Randall, Glenn  |e (fotografía y texto) 
245 1 0 |a Colorado :  |b Wild and Beautiful /  |c Fotografía y texto de G. Randall. 
264 4 |a Helena, EUA :  |b Farcountry,  |c 2005, c2005 
300 |a 119 p. 
336 |a texto  |b txt  |2 rdacontenido 
337 |a sin mediación  |b n  |2 rdamedio 
338 |a volumen  |b nc  |2 rdasoporte 
520 |a Libro que reproduce las imágenes que, a lo largo de 30 años, capturó el fotógrafo norteamericano Glenn Randall de las más bellas e impresionantes manifestaciones de la naturaleza (principalmente del paisaje, aunque también está presente la fauna) en el estado de Colorado. 
649 |a XX 
650 |a Fotógrafos Norteamericanos 
650 |a Artistas Norteamericanos 
650 |a Fotografía de Animales 
650 |a Fotografía de la Naturaleza 
650 |a Fotografía en Color 
650 |a Fotografía Norteamericana -  |y Siglo XX 
650 |a Arte Norteamericano -  |y Siglo XX 
650 |a Colorado, EUA -  |x Fotografías 
650 |a Colorado, EUA -  |x Descripción 
650 |a EUA -  |x Fotografías 
650 |a EUA -  |x Descripción 
910 |a Fondo General 
920 |a Impresos - Libros 
930 |a Reserva Especial 
905 |a 103 
901 |a 0500189946  |b IT1  |c REE  |i D49614  |u 20250521 
902 |a https://opac.biblio.iteso.mx/vufind/Record/000303711